| 000 | 00492nam a2200169Ia 4500 | ||
|---|---|---|---|
| 008 | 230718s9999 xx 000 0 und d | ||
| 020 | _a9780670085255 | ||
| 041 | _aeng | ||
| 082 |
_a332.6 _bNAY |
||
| 100 |
_aNayyar D.(Editor) _9175943 |
||
| 245 |
_aSurviving The Storm _bIndia And The Global Financial Crisis |
||
| 260 |
_c2010 _bPortfolio |
||
| 300 | _a188 | ||
| 365 |
_cRs. _b499.00 |
||
| 700 |
_aNayyar D.(Editor) _9175943 |
||
| 906 |
_dO:0160510-Mar-2011B:704003-Feb-2011 _cCOMP _b124.75 |
||
| 999 |
_c327405 _d327405 |
||